Natural gas underground storage: Inventory and deliverability
This book gives state-of-the-art methods and technology for inventory verification, delivery assurance, and salt cavity storage. It provides a comprehensive review and discussion of the current technology as well as new developments for the inventory and delivery of natural gas
Bewaard in:
| Hoofdauteur: | |
|---|---|
| Formaat: | Boek |
| Taal: | Undetermined |
| Gepubliceerd in: |
New York
PennWell Books
199
|
| Onderwerpen: | |
| Tags: |
Voeg label toe
Geen labels, Wees de eerste die dit record labelt!
|
| Thư viện lưu trữ: | Trung tâm Học liệu Trường Đại học Cần Thơ |
|---|
| LEADER | 00851nam a2200205Ia 4500 | ||
|---|---|---|---|
| 001 | CTU_30767 | ||
| 008 | 210402s9999 xx 000 0 und d | ||
| 020 | |b 1.661.500đ | ||
| 082 | |a 665.742 | ||
| 082 | |b T267 | ||
| 100 | |a Mehmet Rasin Tek | ||
| 245 | 0 | |a Natural gas underground storage: Inventory and deliverability | |
| 245 | 0 | |c Mehmet Rasin Tek | |
| 260 | |a New York | ||
| 260 | |b PennWell Books | ||
| 260 | |c 199 | ||
| 520 | |a This book gives state-of-the-art methods and technology for inventory verification, delivery assurance, and salt cavity storage. It provides a comprehensive review and discussion of the current technology as well as new developments for the inventory and delivery of natural gas | ||
| 650 | |a natural gas - underground storage | ||
| 904 | |i Minh, 990528 | ||
| 980 | |a Trung tâm Học liệu Trường Đại học Cần Thơ | ||